Gaming Quiz

Random Gaming or Quick Pick Quiz

Mini-Battleship # 3 (Difficulty Rtg: 3) Quiz Stats

 Plays Quiz not verified by Sporcle

Support Sporcle.
Go Orange.
Score 0/27 Timer 01:00
0 Plays Today
% Correct
HIT
92.3%
HIT
91.4%
HIT
89.6%
HIT
86.9%
HIT
86%
HIT
77.8%
HIT
76.5%
HIT
62.9%
HIT
59.3%
0%
0%
0%
0%
0%
% Correct
0%
0%
0%
0%
0%
0%
0%
0%
0%
0%
0%
-
0%
-
0%

You're not logged in!

Compare scores with friends on all Sporcle quizzes.
OR
Log In

From the Vault

Missing Lyrics: Piano Man

by markassonne

Sorry kids, Piano Man isn't a new Marvel character...yet.
Remove Ads.
Support Sporcle.
Get the best of Sporcle when you Go Orange. This ad-free experience offers more features, more stats, and more fun while also helping to support Sporcle. Thank you for becoming a member.

Show Comments

Extras

Top Quizzes Today


Score Distribution

Your Account Isn't Verified!

In order to create a playlist on Sporcle, you need to verify the email address you used during registration. Go to your Sporcle Settings to finish the process.

Report this User

Report this user for behavior that violates our Community Guidelines.

Details: